Diagnostika zväzkov nabitých častíc izochrónného cyklotróna DC - 72

Guardado en:
Detalles Bibliográficos
Autor principal: Gocník, Jaroslav (Autor)
Otros Autores: Gikal, Boris Nikolajevič (Orientador)
Formato: Manuscrito Libro
Lenguaje:ruso
Publicado: Bratislava : STU v Bratislave FEI, 2000
Materias:
Etiquetas: Agregar Etiqueta
Sin Etiquetas, Sea el primero en etiquetar este registro!

MARC

LEADER 00000ntm a22000003a 4500
001 stu56568
005 20160719164836.7
008 010205s2000------------------------rus-d
040 |a STU  |b slo 
041 0 |a rus 
100 1 |a Gocník, Jaroslav  |4 aut 
245 1 |a Diagnostika zväzkov nabitých častíc izochrónného cyklotróna DC - 72 
260 |a Bratislava :  |b STU v Bratislave FEI,  |c 2000 
300 |a 75 s 
650 7 |a Elektroenergetické a silnoprúdové inžinierstvo  |2 stusub 
700 1 |a Gikal, Boris Nikolajevič  |4 ths